| 000 | 00587nam a2200181 i 4500 | ||
|---|---|---|---|
| 001 | 24298 | ||
| 003 | ES-MaACL | ||
| 005 | 20230906153025.0 | ||
| 007 | t| | ||
| 008 | 021217q1986 sp ||||1| spa d | ||
| 100 | 1 |
_aAnadón, Carmen. _921365 |
|
| 245 | 1 | 0 |
_aRaíces / _cCarmen Anadón. |
| 260 |
_a[S.l. : _bs.n., _c1986?] |
||
| 300 |
_a22 p., 1 lám. : _bil. ; _c22 cm. |
||
| 500 | _aPrimer capítulo de la obra inédita "Dichas y desdichas de una familia numerosa con sus dichos y entredichos" | ||
| 852 |
_aES-MaACL _j2137-F-13 _bR.113039 |
||
| 852 |
_aES-MaACL _j2137-F-14 _bR.113040 |
||
| 999 |
_c24298 _d24298 |
||